Исследование запылённости технологических газов при их транспортировке в технологической схеме получения UF6; Фторидные технологии

Bibliografiske detaljer
Parent link:Фторидные технологии.— 2009.— С. 71
Andre forfattere: Гордиенко В. В. Владимир Васильевич, Ледовских Г. Г., Андреев Г. В., Каляцкая Г. В. Галина Васильевна
Sprog:russisk
Udgivet: 2009
Fag:
Format: MixedMaterials Book Chapter
KOHA link:https://koha.lib.tpu.ru/cgi-bin/koha/opac-detail.pl?biblionumber=198898

MARC

LEADER 00000naa2a2200000 4500
001 198898
005 20231031184113.0
035 |a (RuTPU)RU\TPU\book\216911 
090 |a 198898 
100 |a 20110712d2009 k y0rusy50 ca 
101 0 |a rus 
102 |a RU 
200 1 |a Исследование запылённости технологических газов при их транспортировке в технологической схеме получения UF6  |f В. В. Гордиенко [и др.] 
463 0 |0 (RuTPU)RU\TPU\book\208731  |y 5-98298-470-1  |t Фторидные технологии  |o тезисы докладов Всероссийской научно-практической конференции, 25-26 июня 2009 г. г. Томск  |f Томский политехнический университет (ТПУ), Физико-технический факультет; ООО "Фторидные технологии"  |v С. 71  |d 2009  |p 79 с. 
610 1 |a технологические газы 
610 1 |a запылённость 
610 1 |a транспортировка 
610 1 |a технологические схемы 
610 1 |a реакторы 
610 1 |a фильтры 
610 1 |a очистка 
610 1 |a труды учёных ТПУ 
701 1 |a Гордиенко  |b В. В.  |c российский учёный в области химической технологии редких и радиоактивных элементов  |c старший научный сотрудник Томского политехнического университета  |g Владимир Васильевич  |2 stltpush  |3 (RuTPU)RU\TPU\pers\28594 
701 1 |a Ледовских  |b Г. Г. 
701 1 |a Андреев  |b Г. В. 
701 1 |a Каляцкая  |b Г. В.  |c российский химик-технолог  |c доцент Томского политехнического университета  |c кандидат технических наук  |c выпускник ХТФ Томского политехнического института 1953 г.  |f 1931-  |g Галина Васильевна  |2 stltpush  |3 (RuTPU)RU\TPU\pers\27759 
801 1 |a RU  |b 63413507  |c 20110712 
942 |c BK